Online Catalogue and eLibrary

Figural realism : (Record no. 4429)

MARC details
000 -LEADER
fixed length control field 00461nam a2200169Ia 4500
005 - DATE AND TIME OF LATEST TRANSACTION
control field 20240926074414.0
008 - FIXED-LENGTH DATA ELEMENTS--GENERAL INFORMATION
fixed length control field 240331s9999 xx 000 0 und d
020 ## - INTERNATIONAL STANDARD BOOK NUMBER
ISBN 0801865247
082 ## - DDC Classification
Item Number - Author Mark WHI
Class No. 801.95
100 ## - MAIN ENTRY--PERSONAL NAME
Personal name White, H
245 #0 - TITLE STATEMENT
Title Figural realism :
Remainder of title studies in the minisis effect
260 ## - PUBLICATION, DISTRIBUTION, ETC.
Place of publication, distribution, etc. Maryland
Name of publisher, distributor, etc. The Johns Hopkins University Press
Date of publication, distribution, etc. 2000
300 ## - PHYSICAL DESCRIPTION
Extent (e.g. Volumes, Pages etc.) xii, 205 p .,
650 ## - SUBJECT ADDED ENTRY--TOPICAL TERM
Topical term or geographic name entry element Historiography
650 ## - SUBJECT ADDED ENTRY--TOPICAL TERM
Topical term or geographic name entry element Literary criticism
942 ## - Koha item type (Biblio)
Koha item type Books in Stacks (Lending)
Holdings
Lost status Damaged status Collection code Home library Current library Shelving location Date acquired Full call number Accession Number Item type
    Lending WERC Library WERC Library Social Science Cupboard 03/31/2024 801.95 WHI 4324 Books in Stacks (Lending)

© WERC Library